IT SUPPORTLEVEL 1 INTERVIEW PREP (Record no. 216807)

MARC details
000 -LEADER
fixed length control field 00423nam a22001457a 4500
008 - FIXED-LENGTH DATA ELEMENTS--GENERAL INFORMATION
fixed length control field 260306b |||||||| |||| 00| 0 eng d
020 ## - INTERNATIONAL STANDARD BOOK NUMBER
International Standard Book Number 9798590339495
100 ## - MAIN ENTRY--PERSONAL NAME
Personal name IBRAHIM, MOTASIM
245 ## - TITLE STATEMENT
Title IT SUPPORTLEVEL 1 INTERVIEW PREP
Remainder of title 220 QUESTIONS/ANSWERS WINDOWS/APPLE MAC OS
260 ## - PUBLICATION, DISTRIBUTION, ETC.
Date of publication, distribution, etc. 2021
300 ## - PHYSICAL DESCRIPTION
Extent 39P.
650 ## - SUBJECT ADDED ENTRY
Topical term or geographic name entry element COMPUTER SYSTEMS, ADMINISTRATION AND SUPPORT
942 ## - ADDED ENTRY ELEMENTS (KOHA)
Source of classification or shelving scheme Library of Congress Classification
Koha item type Long Loan Book
Holdings
Withdrawn status Lost status Source of classification or shelving scheme Damaged status Not for loan Collection Home library Current library Shelving location Date acquired Inventory number Total checkouts Full call number Barcode Date last seen Copy number Price effective from Koha item type
    Library of Congress Classification     Science & Technology Kisii University Library Kisii University Library On Display 03/06/2026 111202   QA 76. 76 .O63 I37 2021 A001044 03/06/2026 2 03/06/2026 Long Loan Book
    Library of Congress Classification     Science & Technology Kisii University Library Kisii University Library On Display 03/06/2026 111203   QA 76. 76 .O63 I37 2021 A001043 03/06/2026 3 03/06/2026 Long Loan Book
    Library of Congress Classification     Science & Technology Kisii University Library Kisii University Library On Display 03/06/2026 111204   QA 76. 76 .O63 I37 2021 A001046 03/06/2026 4 03/06/2026 Long Loan Book
    Library of Congress Classification     Science & Technology Kisii University Library Kisii University Library On Display 04/07/2026 111201   QA 76.76 .O 63 I 37 2021 A000647 04/07/2026 1 04/07/2026 Long Loan Book